[Event "Asia-ch U20 26th"]
[Site "Negombo"]
[Date "2003.07.23"]
[Round "6"]
[White "Hardegen, Andrew"]
[Black "Priyadharshana, AASD"]
[Result "1/2-1/2"]
[WhiteElo "1968"]
[BlackElo "2133"]
[PlyCount "70"]
[EventDate "2003.07.18"]
[EventType "swiss"]
[EventRounds "10"]
[EventCountry "SRI"]
[SourceTitle "CBM 095 Extra"]
[Source "ChessBase"]
[SourceDate "2003.09.04"]
[SourceVersion "1"]
[SourceVersionDate "2003.09.04"]
[SourceQuality "1"]

1. d4 d5 2. c4 dxc4 3. Nf3 Nf6 4. Nc3 c5 5. d5 e6 6. e4 exd5 7. exd5 a6 8. a4 Bd6 9. Bxc4 0-0 10. 0-0 h6 11. Qc2 Bg4 12. Be2 Nbd7 13. h3 Bh5 14. a5 Re8 15. Be3 Qe7 16. Rfe1 Ne5 17. Nh4 Bg6 18. Nxg6 Nxg6 19. Qd2 Qe5 20. g3 Qf5 21. Kg2 Ne5 22. Ra4 c4 23. Bf4 Nfd7 24. Bg4 Nxg4 25. Rxe8+ Rxe8 26. hxg4 Bxf4 27. Qxf4 Qc2 28. Rxc4 Qxb2 29. Na4 Qb5 30. Nc3 Qxa5 31. Qc7 Qxc7 32. Rxc7 Nf6 33. Rxb7 Rd8 34. Rb6 Nxd5 35. Nxd5 Rxd5 1/2-1/2